| 000 | 00561cam a22001451 4500 | ||
|---|---|---|---|
| 082 |
_a947.9 _bBAD |
||
| 100 | 1 |
_aBaddeley, John F. _950305 |
|
| 245 | 1 | 4 |
_aThe Russian conquest of the Caucasus, _cby John F. Baddeley; with maps, plans, and illustrations. |
| 260 |
_aLondon, _aNew York, _aBombay, _aCalcutta, _bLongmans, Green and co., _c1908. |
||
| 300 |
_axxxviii, 518 p. _b14 pl. (incl. front., ports.) 5 fold. maps, 2 plans. _c26 cm. |
||
| 526 |
_a0 _b0 _c0 _d947_900000000000000_BAD |
||
| 650 | 0 |
_aMCE _9379 |
|
| 650 | 0 |
_aRussians _zCaucasus. _950306 |
|
| 942 |
_2ddc _cBK |
||
| 999 |
_c553029 _d553029 |
||